000 00607nam a2200229Ia 4500
003 OSt
005 20221005124038.0
006 a|||||r|||| 00| 0
007 ta
008 221004b |||||||| |||| 00| 0 eng d
024 _a50582
037 _cTextual
040 _aCRL
_cCRL
_beng
041 _2eng
_aeng
082 _aQ1:417x, H3 close sec
100 _aSharma Pada Co.
_9634617
245 0 _aMarud Devata
_b Collection of Vedic hymns
260 _c1943
650 _aRELIGION
942 _hQ1:417x, H3 close sec
_cTEXL
_2cc
999 _c1049288
_d1049288